000 01524nam a2200265Ia 4500
999 _c50739
_d50739
001 17691
003 GE_BSU
005 20231213114526.0
008 181216s2015ge xx |||||||||||||| ||geo||
020 _a9789941459115
040 _cGE_BSU
041 _ageo
080 _a635.9 ტ-96
100 _aტყავაძე,მ.
_920689
245 _aდეკორაციული დენდროლოგია :
_b წ.2. ნაწ. 2 (ფარულთესლოვან მერქნიან მცენარეთა სისტემატიკა და დახასიათება ) /
_cმ. ტყავაძე, რ. კილაძე, ე. გუბელაძე, რედ.მ.კურდღელია.
264 _aქუთაისი :
_bაკაკი წერეთლის სახ. უნ-ტი,
_c2015.
300 _a243 გვ.;
_bილ.
_c28 სმ.
653 _aდეკორატიული მცენარეები, დეკორატიული მებაღეობა
653 _aდეკორაციული დენდროლოგია
653 _aფარულთესლოვან მერქნიან მცენარეთა სისტემატიკა და დახასიათება
700 _a კილაძე,რ.
_920690
700 _aგუბელაძე,ე
_920691
700 _aკურდღელია, მ
_eრედაქტორი
_920692
942 _cBK
_2udc